<?xml version="1.0" encoding="UTF-8"?>
<record
    xmlns:xsi="http://www.w3.org/2001/XMLSchema-instance"
    xsi:schemaLocation="http://www.loc.gov/MARC21/slim http://www.loc.gov/standards/marcxml/schema/MARC21slim.xsd"
    xmlns="http://www.loc.gov/MARC21/slim">

  <leader>02098nam a2200265 a 4500</leader>
  <controlfield tag="001">000003900</controlfield>
  <controlfield tag="003">DO-SdBNP</controlfield>
  <controlfield tag="005">20260321073638.0</controlfield>
  <controlfield tag="008">090715s2005    dr      r     001 0 spa d</controlfield>
  <datafield tag="020" ind1=" " ind2=" ">
    <subfield code="a">9945406094</subfield>
  </datafield>
  <datafield tag="040" ind1=" " ind2=" ">
    <subfield code="a">DO-SdBNP</subfield>
    <subfield code="b">spa</subfield>
    <subfield code="c">BNPHU</subfield>
  </datafield>
  <datafield tag="082" ind1=" " ind2=" ">
    <subfield code="a">972.93053</subfield>
    <subfield code="b">B742tr, 1998</subfield>
  </datafield>
  <datafield tag="100" ind1="1" ind2=" ">
    <subfield code="a"> Bosch, Juan, </subfield>
    <subfield code="d">1909-2001</subfield>
    <subfield code="9">76555</subfield>
  </datafield>
  <datafield tag="245" ind1="1" ind2="0">
    <subfield code="a">Trujillo :</subfield>
    <subfield code="b">causas de una tiran&#xED;a sin ejemplo /</subfield>
    <subfield code="c">Juan Bosch.</subfield>
  </datafield>
  <datafield tag="250" ind1=" " ind2=" ">
    <subfield code="a">7&#xAA; ed.</subfield>
  </datafield>
  <datafield tag="260" ind1=" " ind2=" ">
    <subfield code="a">Santo Domingo :</subfield>
    <subfield code="b">Secretar&#xED;a de Estado de Educaci&#xF3;n ;</subfield>
    <subfield code="b">Fundaci&#xF3;n Juan Bosch ;</subfield>
    <subfield code="b">Organizaci&#xF3;n para el Fomento del Desarrollo del Pensamiento dela Rep&#xFA;blica Dominicana,</subfield>
    <subfield code="c">2005.</subfield>
  </datafield>
  <datafield tag="300" ind1=" " ind2=" ">
    <subfield code="a">190 p. ;</subfield>
    <subfield code="c">21 cm.</subfield>
  </datafield>
  <datafield tag="500" ind1=" " ind2=" ">
    <subfield code="a">El n&#xFA;mero de edici&#xF3;n difiere del consecutivo que le corresponde seg&#xFA;n el a&#xF1;o de publicaci&#xF3;n de la obra</subfield>
  </datafield>
  <datafield tag="500" ind1=" " ind2=" ">
    <subfield code="a">La biblioteca posee la reimpresi&#xF3;n de la 7&#xAA; edici&#xF3;n del 2005</subfield>
  </datafield>
  <datafield tag="505" ind1="0" ind2=" ">
    <subfield code="t">Dedicatoria --</subfield>
    <subfield code="t">Pr&#xF3;logo a la segunda edici&#xF3;n --</subfield>
    <subfield code="t">Introducci&#xF3;n --</subfield>
    <subfield code="t">El origen psicol&#xF3;gico --</subfield>
    <subfield code="t">Origen de la deformaci&#xF3;n social dominicana --</subfield>
    <subfield code="t">La sociedad colonial y la psicolog&#xED;a de Trujillo --</subfield>
    <subfield code="t">Trujillo y la divisi&#xF3;n en gente de primera y gente de segunda --</subfield>
    <subfield code="t">La venganza de un hombre de segunda --</subfield>
    <subfield code="t">EL origen biol&#xF3;gico --</subfield>
    <subfield code="t">El abandono de La Espa&#xF1;ola: sus consecuencias para el pa&#xED;s --</subfield>
    <subfield code="t">La isla dividida: nacimiento de Hait&#xED; --</subfield>
    <subfield code="t">La arritmia hist&#xF3;rica dominicana --</subfield>
    <subfield code="t">La simiente materna de Trujillo lleg&#xF3; con la Ocupaci&#xF3;n Haitiana de 1822 --</subfield>
    <subfield code="t">Nacimiento de Trujillo bajo el signo de la tiran&#xED;a --</subfield>
    <subfield code="t">De las luchas civiles a la Ocupaci&#xF3;n Norteamerica de 1916 --</subfield>
    <subfield code="t">Trujillo: fruto de tres invasiones militares --</subfield>
    <subfield code="t">La conquista del poder pol&#xED;tico --</subfield>
    <subfield code="t">La empresa capitalista llamada Rep&#xFA;blica Dominicana --</subfield>
    <subfield code="t">De dictador a propietario del pa&#xED;s --</subfield>
    <subfield code="t">El gobierno al servicio de la empresa --</subfield>
    <subfield code="t">Psicolog&#xED;a de los dominicanos --</subfield>
    <subfield code="t">Ep&#xED;logo --</subfield>
    <subfield code="t">Conclusiones --</subfield>
    <subfield code="t">Post Scriptum.</subfield>
  </datafield>
  <datafield tag="600" ind1="1" ind2="0">
    <subfield code="a">Trujillo Molina, Rafael Le&#xF3;nidas,</subfield>
    <subfield code="d"> 1891-1961</subfield>
    <subfield code="9">76764</subfield>
  </datafield>
  <datafield tag="651" ind1="1" ind2="0">
    <subfield code="a">Rep&#xFA;blica Dominicana </subfield>
    <subfield code="x">Historia </subfield>
    <subfield code="y">Descubrimiento y conquista, 1492-1503 </subfield>
    <subfield code="9">255</subfield>
  </datafield>
  <datafield tag="910" ind1=" " ind2=" ">
    <subfield code="a">Validado. Control de calidad. MFF</subfield>
  </datafield>
  <datafield tag="942" ind1=" " ind2=" ">
    <subfield code="2">ddc</subfield>
    <subfield code="c">LBS1</subfield>
  </datafield>
  <datafield tag="952" ind1=" " ind2=" ">
    <subfield code="0">0</subfield>
    <subfield code="1">0</subfield>
    <subfield code="7">1</subfield>
    <subfield code="8">PD</subfield>
    <subfield code="a">PD</subfield>
    <subfield code="b">PD</subfield>
    <subfield code="c">HD</subfield>
    <subfield code="d">2009-07-15</subfield>
    <subfield code="i">LF1</subfield>
    <subfield code="l">0</subfield>
    <subfield code="o">972.93053 B742tr, 1998</subfield>
    <subfield code="p">3900-10</subfield>
    <subfield code="r">2020-06-25</subfield>
    <subfield code="w">2020-06-25</subfield>
    <subfield code="y">LFPD</subfield>
    <subfield code="Z">No se presta</subfield>
  </datafield>
  <datafield tag="999" ind1=" " ind2=" ">
    <subfield code="c">3720</subfield>
    <subfield code="d">3720</subfield>
  </datafield>
</record>
